Seguridad industrial y mantenimiento
Sparad:
| Huvudupphovsman: | |
|---|---|
| Materialtyp: | Okänd |
| Publicerad: |
[San José, Costa Rica]
1981
|
| Ämnen: | |
| Taggar: |
Lägg till en tagg
Inga taggar, Lägg till första taggen!
|
MARC
| LEADER | 00000 a2200000 4500 | ||
|---|---|---|---|
| 003 | 005213 | ||
| 005 | 20221231143744.0 | ||
| 008 | 140114s1981 c a m 000 ||s d | ||
| 040 | |c cru CEDI | ||
| 090 | |a TFG 1070 | ||
| 100 | |a Quesada A, Marco Antonio |9 15791 | ||
| 245 | |a Seguridad industrial y mantenimiento | ||
| 260 | |c 1981 |a [San José, Costa Rica] | ||
| 300 | |a [146] hojas : ilustraciones ; 28 cm | ||
| 500 | |a Tesis (licenciatura en ingeniería mecánica)--Universidad de Costa Rica. Facultad de Ingenierá. Escuela de Ingeniería Mecánica | ||
| 650 | |x RUIDO |x SEGURIDAD INDUSTRIAL - COSTA RICA |9 15792 | ||
| 942 | |c TFG | ||
| 999 | |c 11328 |d 11328 | ||
